Top 30 : The Rolling Stones - Statistiques

Statistiques générales
  • Ce quiz a été pris 24 fois
  • Le résultat moyen est 11 sur 30
Statistiques - réponses
Top Titres % Correct
2 (I Can't Get No) Satisfaction
100%
7 Angie
95%
1 Paint It, Black
70%
5 Sympathy For The Devil
65%
10 Brown Sugar
60%
3 Start Me Up
60%
8 Wild Horses
55%
4 Gimme Shelter
50%
13 Jumpin' Jack Flash
50%
9 Miss You
50%
12 You Can't Always Get What You Want
50%
11 Honky Tonk Women
45%
17 Ruby Tuesday
45%
15 She's A Rainbow
35%
14 Under My Thumb
35%
6 Beast Of Burden
30%
25 Let's Spend The Night Together
30%
21 Street Fighting Man
30%
23 Dead Flowers
25%
22 Play With Fire
25%
27 It's Only Rock'n'Roll (But I Like It)
20%
24 Sweet Virginia
20%
16 Can't You Hear Me Knocking
15%
20 Waiting On A Friend
15%
19 Anybody Seen My Baby?
10%
29 As Tears Go By
10%
26 Get Off Of My Cloud
10%
18 Tumbling Dice
10%
30 Angry
5%
28 Living In A Ghost Town
5%
Aucun quiz correspondant
Distribution des résultats
% des personnes avec chaque résultat
Percentile par nombre de réponses
Votre historique - résultats
Vous n’avez pas pris ce quiz